000 00279nam a2200121 a 4500
005 20140414131936.0
008 110119s19uu xx 00 eng d
050 _aREF 635
_bG16 2006
245 _aGarden.
260 _bTicktock.
440 _aWhat can eye see?
999 _c112443
_d112443